Municipalities of La Crosse County, Wisconsin - Statistics

General Stats
  • This quiz has been taken 33 times
  • The average score is 10 of 22
Answers on the Map
Answers color-coded by a green-red scale on the quiz's map according to % correct below.
 
Answer Stats
Answer % Correct
City of La Crosse
100%
City of Onalaska
92%
Town of Onalaska
92%
Village of Holmen
75%
Village of West Salem
75%
Census Designated Place of French Island
67%
Town of Shelby
58%
Town of Bangor
50%
Town of Campbell
50%
Village of Bangor
50%
Census Designated Place of Brice Prairie
42%
Town of Holland
33%
Town of Medary
33%
Census Designated Place of Mindoro
25%
Census Designated Place of St. Joseph
25%
Town of Barre
25%
Town of Farmington
25%
Village of Rockland
25%
Town of Burns
8%
Town of Greenfield
8%
Town of Hamilton
8%
Town of Washington
8%
No matching quizzes found
Score Distribution
Percent of People with Each Score
Percentile by Number Answered
Your Score History
You have not taken this quiz